Bunková smrť a katepsíny bakalárska práca

Enregistré dans:
Détails bibliographiques
Auteur principal: Matúšková, Eva
Format: Livre
Langue:slovaque
Publié: Bratislava STU FCHPT 2015
Accès en ligne:Voir à l'OPAC
Tags: Ajouter un tag
Pas de tags, Soyez le premier à ajouter un tag!

MARC

LEADER 00000nam a2200000 a 4500
005 20260127134258.0
008 151123 2015 000 0 slo d
035 |a vtls011400975 
039 9 |y 201511231136  |z mschk03 
040 |a STUSCHK1  |b slo  |c STUSCHK1  |e AACR2 
100 1 |a Matúšková, Eva 
245 1 |a Bunková smrť a katepsíny  |b bakalárska práca  |c 2015 
260 |a Bratislava  |b STU FCHPT  |c 2015 
300 |a 50 s.  |b il.  |c 25 cm 
500 |a Študijný program: biotechnológia a potravinárska technológia 
500 |a Štud. odbor: biotechnológie 
500 |a Školiace pracovisko: Odd. biochémie a mikrobiológie 
500 |a Evid. číslo: FCHPT-13567-60405 
910 |a SCHK95 
999 |c 8626  |d 8626